| 000 -CABECERA |
| Longitud fija campo de control |
00605nam a2200205 a 4500 |
| 001 - NÚMERO DE CONTROL |
| Número de control |
3218 |
| 003 - IDENTIFICADOR DEL NÚMERO DE CONTROL |
| Identificador del número de control |
CDMR |
| 005 - FECHA Y HORA DE LA ÚLTIMA TRANSACCIÓN |
| Fecha y hora de la última transacción |
20131002122645.0 |
| 008 - CÓDIGOS DE INFORMACIÓN DE LONGITUD FIJA |
| Códigos de información de longitud fija |
130130s1983||||||||||||||||||||||||||||d |
| 020 ## - NÚMERO INTERNACIONAL NORMALIZADO PARA LIBROS |
| Número Internacional Normalizado para Libros (ISBN) |
928710266X |
| 040 ## - FUENTE DE LA CATALOGACIÓN |
| Centro catalogador de origen |
CDMR |
| Lengua de catalogación |
cat |
| Centro transcriptor |
CDMR |
| 100 1# - PUNTO DE ACCESO PRINCIPAL-NOMBRE DE PERSONA |
| Nombre de persona |
Wendelbo, Harald |
| 9 (RLIN) |
2334 |
| 245 10 - MENCIÓN DE TÍTULO |
| Título |
Principes et critères concernant le contenu des programmes de télévision |
| 260 ## - PUBLICACIÓN, DISTRIBUCIÓN, ETC. (PIE DE IMPRENTA) |
| Lugar de publicación, distribución, etc. |
Strasbourg |
| Fecha de publicación, distribución, etc. |
1983 |
| Nombre del editor, distribuidor, etc. |
Council of Europe |
| 300 ## - DESCRIPCIÓN FÍSICA |
| Extensión |
56 p. |
| Dimensiones |
30 cm |
| 490 0# - MENCIÓN DE SERIE |
| Mención de serie |
Dossiers sur les Mass Media |
| Designación de volumen o secuencia |
6 |
| 650 04 - PUNTO DE ACCESO ADICIONAL DE MATERIA - TÉRMINO DE MATERIA |
| 9 (RLIN) |
3122 |
| Término de materia o nombre geográfico como elemento inicial |
Televisió |
| Subdivisión de materia general |
Programes |
| 650 04 - PUNTO DE ACCESO ADICIONAL DE MATERIA - TÉRMINO DE MATERIA |
| 9 (RLIN) |
3730 |
| Término de materia o nombre geográfico como elemento inicial |
Política de la televisió |
| 942 ## - ENTRADA DE ELEMENTOS AGREGADOS (KOHA) |
| Koha [por defecto] tipo de item |
Monografies |
| Fuente de clasificaión o esquema |
|